Cargando…

Policy Debate : A Guide for High School and College Debaters /

"A guide to policy debate for debaters, coaches, and teachers at the high school and college levels"--

Detalles Bibliográficos
Autor principal: Briscoe, Shawn F. (Autor)
Formato: Electrónico eBook
Idioma:Inglés
Publicado: Carbondale : Southern Illinois University Press, [2017]
Colección:Book collections on Project MUSE.
Temas:
Acceso en línea:Texto completo

MARC

LEADER 00000cam a22000004a 4500
001 musev2_87233
003 MdBmJHUP
005 20230905052928.0
006 m o d
007 cr||||||||nn|n
008 161201s2017 ilu o 00 0 eng d
020 |a 9780809335596 
020 |z 080933559X 
020 |z 9780809335589 
020 |z 0809335581 
040 |a MdBmJHUP  |c MdBmJHUP 
100 1 |a Briscoe, Shawn F.,  |e author. 
245 1 0 |a Policy Debate :   |b A Guide for High School and College Debaters /   |c Shawn F. Briscoe. 
264 1 |a Carbondale :  |b Southern Illinois University Press,  |c [2017] 
264 3 |a Baltimore, Md. :  |b Project MUSE,   |c 0000 
264 4 |c ©[2017] 
300 |a 1 online resource (224 pages). 
336 |a text  |b txt  |2 rdacontent 
337 |a computer  |b c  |2 rdamedia 
338 |a online resource  |b cr  |2 rdacarrier 
505 0 |a Introduction : Debate is life -- The playing field -- Stock issues -- Speaker duties -- Judging paradigms -- The affirmative case -- Disadvantages -- Counterplans -- Critical argumentation -- Performance debate -- The evolution -- Establishing credibility -- Cross-examination -- Flowing -- Sample debate. 
520 |a "A guide to policy debate for debaters, coaches, and teachers at the high school and college levels"--  |c Provided by publisher. 
588 |a Description based on print version record. 
650 7 |a Debates and debating.  |2 fast  |0 (OCoLC)fst00888743 
650 7 |a REFERENCE  |x Writing Skills.  |2 bisacsh 
650 7 |a LANGUAGE ARTS & DISCIPLINES  |x Composition & Creative Writing.  |2 bisacsh 
650 7 |a LANGUAGE ARTS & DISCIPLINES  |x Study & Teaching.  |2 bisacsh 
650 7 |a LANGUAGE ARTS & DISCIPLINES  |x Rhetoric.  |2 bisacsh 
650 7 |a LANGUAGE ARTS & DISCIPLINES  |x Speech.  |2 bisacsh 
650 7 |a LANGUAGE ARTS & DISCIPLINES  |x Public Speaking.  |2 bisacsh 
650 7 |a debates.  |2 aat 
650 6 |a Debats et controverses. 
650 0 |a Debates and debating. 
655 7 |a Electronic books.   |2 local 
710 2 |a Project Muse.  |e distributor 
830 0 |a Book collections on Project MUSE. 
856 4 0 |z Texto completo  |u https://projectmuse.uam.elogim.com/book/87233/ 
945 |a Project MUSE - Custom Collection